Where do Dark Souls games take place? - Statistics

General Stats
  • This quiz has been taken 77 times
  • The average score is 4 of 7
Answer Stats
Game Land % Correct
Dark Souls Lordran
77%
Dark Souls 3 Lothric
70%
Dark Souls 2 Drangleic
68%
Elden Ring Lands Between
65%
Bloodborne Yharnam
62%
Sekiro: Shadows Die Twice Japan
50%
Demon's Souls Boletaria
35%
No matching quizzes found
Score Distribution
Percent of People with Each Score
Percentile by Number Answered
Your Score History
You have not taken this quiz